[Event "Bundesliga 0405"]
[Site "Germany"]
[Date "2005.02.12"]
[Round "10.6"]
[White "Fish, Gennadij"]
[Black "Kern, Guido"]
[Result "1-0"]
[WhiteElo "2523"]
[BlackElo "2355"]
[Annotator "Marin,M"]
[PlyCount "68"]
[EventDate "2004.11.12"]
[EventType "team-tourn"]
[EventRounds "15"]
[EventCountry "GER"]
[SourceTitle "CBM 106"]
[Source "ChessBase"]
[SourceDate "2005.06.06"]
[SourceVersion "1"]
[SourceVersionDate "2005.06.06"]
[SourceQuality "1"]
[WhiteTeam "Werder Bremen"]
[BlackTeam "Muelheim Nord"]
[WhiteTeamCountry "GER"]
[BlackTeamCountry "GER"]

1. d4 e6 2. c4 Nf6 3. Nc3 d5 4. Bg5 Nbd7 5. cxd5 exd5 6. e3 c6 7. Bd3 Be7 8.
Qc2 Nh5 9. Bxe7 Qxe7 {This is the most direct way of exchanging the dark
squared bishops. Black intends to place his knights on g7 (after ...g6) and b6,
hoping to keep this way White's play under control on both wings.} 10. Nge2 g6
11. O-O-O Nb6 12. Ng3 $5 {This move was introduced in practice by Barlov and
adopted soon after that by Kasparov. The idea is to drive the enemy knight
away without having to weaken the own structure with h3 and/or g4.} Nxg3 {
Although not too popular, this is probably one of the critical continuations.
After all, such an exchange is supposed to make Black's life easier.} (12...
Nf6 13. Rhe1 Be6 14. f3 O-O-O 15. Kb1 Kb8 16. Qf2 $16 {[%cal Re3e4] 1/2-1/2
Barlov,D-Campora,D/Bor 1985/EXT 99 (43)}) (12... Ng7 13. Kb1 Bd7 14. Rc1 O-O-O
15. Na4 Nxa4 16. Qxa4 Kb8 17. Rc3 b6 18. Ba6 Ne6 19. Rhc1 Rhe8 20. Qb3 Qd6 21.
Nf1 Ka8 22. Nd2 Nc7 23. Bf1 Ne6 24. g3 Rc8 25. Bg2 $14 {1-0 Kasparov,
G-Andersson,U/Reykjavik 1988/CBM 010 (44)}) 13. hxg3 {[%cal Yh1h6,Yd1h1]} h5 $8
14. e4 $5 {A radical attempt to cast doubt over Black's opening play.} ({After
} 14. Kb1 {Black developed his bishop on e6 and transferred his king to g7,
where it was surrounded by lots of dangers in 1/2-1/2 Goldin,A-Vescovi,G/
Buenos Aires 2003/CBM 097/[Wells] (58). Possibly better would have been} Bd7 $5
{[%csl Yc6]} 15. Rc1 O-O-O 16. Na4 Nxa4 17. Qxa4 Kb8 18. Rc3 b6 19. Rhc1 h4 20.
gxh4 Rxh4 21. Ra3 Be8 {and, compared with other similar lines, the absence of
the knights might make Black's position easier to defend.}) 14... dxe4 15. Bxe4
{[%csl Yd5]} Be6 {[%csl Yd5]} (15... O-O $6 {[%csl Yg8]}) 16. Rhe1 {[%cal
Yd4d5] The critical position. The threat d5 looks very strong.} Qf6 $2 (16...
O-O-O $2 {doesn't solve the problem because the king avoids a pin just to get
under another.} 17. d5 $16 {[%cal Yc2c8,Ye1e7]} Qg5+ $2 18. f4 $18) (16... O-O
{looks dangerous but is not easy to refute:} 17. Bxg6 Qg5+ 18. Kb1 (18. Rd2 Nc4
) (18. f4 Qxg3 19. Bxh5 Qxf4+ 20. Kb1 Bf5 21. Ne4 Rfe8 22. Bf3 Nd5 $15) 18...
Qxg6 19. Qxg6+ fxg6 20. Rxe6 Rxf2 $132) ({Possibly safest is} 16... Qg5+ 17.
Qd2 (17. Kb1 O-O-O 18. Bxg6 Qxg6 19. Qxg6 Bxa2+ $1 $11) (17. f4 Qxg3 18. d5 (
18. f5 gxf5 19. Bxf5 O-O-O $15) 18... cxd5 19. Nxd5 Nxd5 20. Bxd5 O-O 21. Bxe6
fxe6 22. Kb1 $44) 17... Qxd2+ 18. Rxd2 Kd7 19. d5 $11) 17. d5 $1 cxd5 18. Bxd5
O-O 19. Bxe6 fxe6 20. Rd6 Rae8 21. Kb1 $16 {White has the better pawn
structure and the safest position of the king.} Rf7 22. f4 Qf5 23. Qxf5 gxf5
24. Rdxe6 Rxe6 25. Rxe6 Rg7 26. Ne2 Nd5 27. Re5 Ne7 28. Nd4 h4 29. gxh4 Ng6 30.
Re8+ Kf7 31. Nxf5 Kxe8 32. Nxg7+ Kf7 33. Nf5 Nxf4 34. g3 Ne2 1-0

[Event "EU-ch 6th"]
[Site "Warsaw"]
[Date "2005.06.18"]
[Round "1"]
[White "Riazantsev, Alexander"]
[Black "Magalashvili, Davit"]
[Result "1-0"]
[WhiteElo "2608"]
[BlackElo "2445"]
[Annotator "Marin,M"]
[PlyCount "101"]
[EventDate "2005.06.18"]
[EventType "swiss"]
[EventRounds "13"]
[EventCountry "POL"]
[SourceTitle "CBM 108"]
[Source "ChessBase"]
[SourceDate "2005.09.26"]
[SourceVersion "1"]
[SourceVersionDate "2005.09.26"]
[SourceQuality "1"]

1. d4 d5 2. c4 e6 3. Nc3 Be7 4. Nf3 Nf6 5. Bg5 O-O 6. cxd5 exd5 7. e3 c6 8. Qc2
Nbd7 9. Bd3 Re8 10. O-O Nf8 11. h3 g6 12. Bh6 Bd6 $5 {A relatively unexplored
move. Once the pin along the h4-d8 diagonal is released, Black places his
bishop on a more active square.} 13. Rab1 {The most natural reaction. Until
the moment Black defines his intentions on the queen side, White proceeds with
his standard queen side plan.} (13. a3 Ne4 $2 (13... Ne6) 14. Nxe4 dxe4 15.
Bxe4 $16 {1-0 Barsov,A (2517)-Wlogalski,O/Metz FRA 2005/TWIC 547 (26)}) (13.
Rae1 Ne6 14. Ne5 $6 Bxe5 $1 15. dxe5 Nd7 16. Bf4 Nec5 17. b4 Nxd3 18. Qxd3 Nxe5
19. Bxe5 Rxe5 20. e4 a5 $1 $17 {Almeida,O (2437)-Bruzon,L (2613)/La Habana 
(rapid) 2002}) 13... Ne6 $146 (13... a5 14. a3 Ne6 15. Rfe1 {This is a typical
picture in the modern lines of the exchange variation. After having induced a
minor weaknening move (a5) on the queen side, White turns his attention to the
centre.} Kh8 {Preparing a manoeuvre typical for the Czhech Benoni.} 16. Qd2 $6
{White should have tried to cross the opponent's intentions.} (16. e4 dxe4 17.
Nxe4 Be7) (16. Ng5 $5 $14) 16... Ng8 $1 17. Bf4 Nxf4 18. exf4 Ne7 19. Kh2 Kg8
20. g3 Bf5 21. Bxf5 Nxf5 22. Rxe8+ Qxe8 23. Kg2 Bf8 24. Re1 Qd8 25. Qd3 {
This is the position both sides had been aiming for. White might have
overestimated the significance of the e5-square.} a4 26. Re2 Bg7 27. h4 Qb6 28.
Rd2 h5 29. Nd1 Qa6 30. Qc2 Re8 31. Nc3 b5 {1/2-1/2 Izoria,Z (2450)-Acs,P (2497)
/Yerevan 2000/CBM 078 ext (67) Both sides have regrouped in optimal way. With
the better pawn structure Black is certainly not worse here.}) (13... Bd7 14.
Rfe1 Qc8 15. Ng5 $1 {Crossing the opponent's intentions.} ({The careless} 15.
b4 {would have allowed Black get a dangerous attack with} Bxh3 16. gxh3 Qxh3
17. Bxf8 Kxf8 18. Qd1 Ne4 $36) 15... Ne6 ({Since his previous actions have
been directed towards play along the h3-c8-diagonal, Black should have
probably continued with} 15... Bf5 16. Bxf5 Qxf5 17. Qxf5 gxf5 $14 {when the
weakness of the f5-pawn might have been not so easy to prove for White.}) 16.
f4 Nh5 (16... Nxg5 17. Bxg5 Nh5 $14 18. g4 $140 Ng7 {(/\ h5)} 19. Bh6 f5 {
Sokolov}) 17. Nf3 Bf8 (17... Neg7 18. g4 Nf6 19. Ne5 $14) 18. Bxf8 Nxf8 19. b4
Ng3 20. Kh2 Nf5 21. e4 dxe4 22. Nxe4 Qd8 23. Qb2 h6 24. Ne5 Nh7 25. Nc5 Bc8 {
The complete fiasco of Black's strategy. He has lost none less than 4 tempi
with his queen and bishop, while White has methodically improved hisposition.}
26. Qb3 Rf8 27. Bc4 $16 {1-0 Sokolov,I (2659)-Sadler,M (2633)/Netherlands 2001/
EXT 2002 (34) With a hardly standable attack.}) 14. b4 a6 15. Rfe1 {A similar
situation as in the game Izoria-Acs, mentioned above.} Ng7 (15... Kh8 {[%cal
Yf6g8]} 16. Ng5 $1 $14) 16. Bg5 Be7 {The losses of time of both sides
compensate eachother.} (16... Ne6 17. Bh4 $14) 17. a4 Bf5 18. Bxf5 Nxf5 {
Black has managed to excgange his "bad" bishop, but White has made important
progres on the queen side.} 19. b5 axb5 20. axb5 Nd7 21. bxc6 bxc6 22. Bf4 Bd6
23. Ne2 Rc8 24. Rec1 $14 {The opening has been a success for White. Black
faces a difficult defensive task.} Bxf4 25. Nxf4 Nd6 26. Nd2 Nb6 27. Qc5 Nb5
28. Ra1 Nd7 29. Qb4 Qb6 30. Rab1 Rb8 31. Nf3 Rb7 32. Nd3 f6 33. Rb2 Nb8 34. Qd2
Qd8 35. Ra1 Ree7 36. Qc2 Ra7 37. Rc1 Ra3 38. Rb3 Rea7 39. Nf4 Kf7 40. h4 Ra2
41. Qb1 Kg8 42. h5 g5 43. Ne6 Qe8 44. Nc7 Qd7 45. Nxb5 cxb5 46. Rxb5 Nc6 47.
Rb6 Ra1 48. Qxa1 Rxa1 49. Rxa1 Qc7 50. Ra8+ Kf7 51. Raa6 1-0

[Event "GER-ch 76th"]
[Site "Altenkirchen"]
[Date "2005.02.23"]
[Round "6"]
[White "Graf, Alexander"]
[Black "Jussupow, Artur"]
[Result "0-1"]
[WhiteElo "2637"]
[BlackElo "2582"]
[Annotator "Marin,M"]
[PlyCount "52"]
[EventDate "2005.02.18"]
[EventType "swiss"]
[EventRounds "9"]
[EventCountry "GER"]
[SourceTitle "CBM 106"]
[Source "ChessBase"]
[SourceDate "2005.06.06"]
[SourceVersion "1"]
[SourceVersionDate "2005.06.06"]
[SourceQuality "1"]

1. d4 Nf6 2. c4 e6 3. Nc3 d5 4. cxd5 exd5 5. Bg5 Be7 6. e3 Nbd7 7. Bd3 O-O 8.
Nf3 Re8 9. Qc2 Nf8 10. h3 {In the exchange variation White can castle either
short or long. By playing a move that is useful in both cases at an earlier
stage of the game than usual, White intends to restrict the opponent's choice.}
Be6 {For some players, this move might imply a premature commitment. The idea
is to maintain c7-c5 in reserve in case of White's long castle, but in the
opposite case the development of the bishop to e6 is by far not the only
possible system. However, for Jussupow this is hardly a problem: he is a
specialist of the variation involving Be6 anyway.} ({In case of} 10... c6 {
Graf might have played} 11. O-O-O) 11. O-O (11. O-O-O $6 c5) 11... c6 12. a3 {
White starts the typical queen side attack.} (12. Bf4 $6 {only helped Black to
coordinate his pieces after} Bd6 $1 13. Bxd6 Qxd6 14. Rab1 Re7 15. b4 Rae8 16.
Rfc1 Ng6 17. b5 $6 c5 $15 {0-1 Van Wely,L-Jussupow,A/Frankfurt 2000/CBM 76 ext
(25)}) 12... Rc8 {Jussupow plays in classical fashion. He develops his pieces,
aiming to cross White's plans at the same time. The opposition of the rook
with the white queen along the c-file is supposed to discourage the thematic
advance of the b2-pawn to b5.} ({Jussupow had some unpleasant memories
connected with the move} 12... N6d7 {:} 13. Bxe7 ({Nowadays,} 13. Bf4 $5 {
is considered to be better. Because of his lack of space, Black is interested
to exchange one pair of minor pieces. By avoiding it, White is supposed to
have better chances to preserve his initial advantage. The opposite aspect of
the problem is that for endgame purposes the exchange of the dark squared
bishops favours White, since most of Black's queen side pawns find themselves
on light squares.}) 13... Qxe7 14. b4 Ng6 15. Rfc1 Qf6 16. Qd1 Bf5 {The
exchange of the light squared bishops has also two opposite aspects. While the
queen side situation strongly recommends it, the relative weakness of the
h3-pawn makes the black bishop a dangerous attacking piece.} (16... Rac8 $5 17.
b5 $140 c5 $11 {Beliavsky}) 17. b5 $14 Bxd3 18. Qxd3 Nb6 19. bxc6 bxc6 {
[%csl Rc6] Black probably relied on the control of the c4-square but White's
next move must have caused him a bitter disapointment.} 20. Nb1 $1 {[%csl Rc4,
Yf3][%cal Rb1d2] This knight was not doing anything useful on c3, since the
control of the e4-square is not important any more. The other knight is
maintained on its actual square, in order to protect the king side.} (20. Nd2 {
[%csl Rc4]} Nh4 $1 {[%csl Rg2]}) 20... Rac8 21. Ra2 $1 {[%cal Rf6a1,Ya2c2,
Rc2c6]} (21. Nbd2 c5 22. dxc5 Rxc5 $11) 21... Nh4 22. Nxh4 Qxh4 23. Nd2 $16 {
[%csl Rc4,Rf3] From here, the knight protects both wings.} Re6 24. Rac2 Qe7 (
24... Rg6 25. Nf3 Qxh3 $2 26. Qxg6 $18) 25. Rc5 Rc7 26. Qb3 {/\ a4-a5} Qd6 27.
Nf3 $16 {1-0 Beliavsky,A-Jussupow,A/USSR (ch) 1983}) 13. Na4 $146 {Graf
intends to put piece pressure against the black queen side before committing
himself to the thematic advance b2-b4.} ({He understandably avoided} 13. b4 {
where Jussupow had considerable experience.} N6d7 (13... Rc7 14. Rfc1 a6 15.
Bxf6 Bxf6 16. Na4 Be7 17. Nc5 Bd6 {1/2-1/2 Khalifman,A-Jussupow,A/Hamburg 1991/
CBM 024}) 14. Bf4 (14. Bxe7 Qxe7 15. Nd2 Qh4 16. Ne2 Nf6 17. Nf4 Bd7 18. Nf3 {
1/2-1/2 Beim,V-Jussupow,A/Germany 2001/CBM 082 ext}) 14... Nb6 $146 {[%cal
Gb6c4,Gb6a4] 1/2-1/2 Gershon,A-Jussupow,A/Ohrid 2001/CBM 084/[Gershon] (38)} (
14... Ng6 15. Bg3 Ndf8 16. Na4 Bd6 17. Bxd6 Qxd6 18. Nc5 Rc7 19. Rac1 Bc8 20.
Rfe1 Qf6 21. Qd1 Ne6 22. Nxe6 Bxe6 23. b5 Rec8 24. bxc6 Rxc6 25. Rxc6 Rxc6 26.
Qb3 $14 {1-0 Topalov,V-Jussupow,A/Frankfurt 2000/CBM 76 ext (68)})) 13... Ne4
14. Bxe7 Rxe7 {Generally speaking, the capture with the queen would have been
more desirable. The rooks would get connected, the queen would have the h4-d8
diagonal at its disposal, etc. However, because of the e6-bishop, Black needs
the rook to indirectly defend the e4-square.} 15. Nc5 Nxc5 {Black has no
favourable waz of sustaining his knight.} (15... f5 $6 {[%csl Re5]}) (15... Bf5
$2 16. Nh4 $16 {[%csl Ye4]}) 16. dxc5 {The structure has been radically
changed. The control of the d4-square looks nice, but it creates less
immediate danger than the thematic attack of the minority. At the same time,
the weakness of the h3-pawn invites White to avoid transferring too many
pieces to the queen side.} Re8 {[%cal Yd8f6,Re8c8,Rc8e8] Jussupow doesn't
hesitate to correct the slight lack of harmony caused by the capture on e7,
even if this looks like a loss of time.} 17. Qc3 Bd7 {[%cal Ye8e6,Ye6g6]} 18.
Rfe1 Ne6 19. Rad1 Qe7 20. b4 Ng5 21. Nd4 {The exchange of knights would reduce
the significance of the d4-square, but now the black knight can prove a
dangerous attacking piece.} (21. Nxg5 Qxg5 22. Kh2 Re6 (22... Bf5 $5 $11 {
[%csl Re4]}) 23. Qd4 Rce8 $132 24. e4 $6 f5 {[%csl Re1]} 25. e5 f4 $36) 21...
Qf6 22. Ne2 {If White has to remove the knight from the centre in order to
defend his king side he can hardly count on an advantage.} (22. a4 $5 {,
continuing with the queen side attack, might be critical for the evaluation of
Graf's opening novelty.} Ne4 (22... Bxh3 $6 23. f4 $1) 23. Qc2 $5 (23. Bxe4 $6
Rxe4 $132 24. b5 Qg5 25. Kh2 Qe5+ 26. Kh1 Qh5 27. Kg1 Bxh3 28. gxh3 Qxh3 29. f3
(29. Ne2 $2 Rg4+ 30. Ng3 h5 $40) 29... Re6 30. Nxe6 Qg3+ $11) 23... Qg5 {
[%csl Rf2,Rh3]} 24. f3 Ng3 25. Kh2 $1 $14 {[%cal Yc2f2,Yb4b5]}) 22... Qh6 {
The exchange of queens would annihilate Black+s attacking potential, leaving
White with the more pleasant position at no risk.} 23. Ng3 Rcd8 24. Qb2 Qh4 25.
Bb1 g6 $132 26. Qf6 $4 {A tragical mistake. Graf probably wanted to reduce
Black's attacking potential by pinning the knight.} Nxh3+ 0-1